| 000 | 00943nam a22002417a 4500 | ||
|---|---|---|---|
| 999 |
_c22560 _d22560 |
||
| 003 | AR-CdUCM | ||
| 008 | 190423b ||||| |||| 00| 0 spa d | ||
| 020 | _a9786123191535 | ||
| 040 |
_aMUNICIPALIDAD PROVINCIAL DEL CUSCO _cBIBLIOTECA MUNICIPAL DEL CUSCO |
||
| 082 |
_aEP/920.72/F29 _bF29 _21a ed., 11a reimpr. |
||
| 100 |
_aFavilli, Elena _948512 |
||
| 245 |
_aCuentos de buenas noches para niñas rebeldes : _b100 historias de mujeres extraordinarias / _cElena Favilli y Francesca Cavallo ; [traducción, Ariadna Molinari Tato] |
||
| 260 |
_aLima : _bPlaneta, _c2020. |
||
| 300 |
_axii, 212 páginas. : _bil. col., retrs. ; _c24 cm. |
||
| 500 | _aTraducción de: Good night stories for rebel girls. | ||
| 650 |
_aMujeres _93760 |
||
| 650 |
_aBiografía _948513 |
||
| 650 |
_aLiteratura juvenil _91580 |
||
| 700 |
_aCavallo, Francesca _948514 |
||
| 700 |
_aMolinari Tato, Ariadna _etraductor _948515 |
||
| 942 |
_2ddc _cLIBROS |
||
| 945 | _arac | ||